000 00423nam a22001697a 4500
005 20260121160851.0
008 160427b xxu||||| |||| 00| 0 eng d
020 _a81-203-1727-0
041 _aeng
082 _a005.1
100 _aRajaraman, V.
_996
245 _aAnalysis and Design of Information Systems
260 _aNew Delhi
_bPHI Pvt Ltd.
_c2005
300 _a292
650 _aInformation Technology
942 _cBK
999 _c129
_d129